000 00407nam a22001337a 4500
082 _a624.154
_bPIL
_cD
110 _aUSA War Office.
_942731
245 _aTM-5-258 department of the Army technical manual pile construction /
_cUSA War Office.
260 _aUSA :
_bHQ Department of The Army,
_c1963.
300 _a146.
526 _a0
_b0
_c0
_d624_154000000000000_PIL
650 _aMCE
_9379
942 _2ddc
_cBK
999 _c546580
_d546580